<?xml version="1.0" encoding="UTF-8"?>
<record
    xmlns:xsi="http://www.w3.org/2001/XMLSchema-instance"
    xsi:schemaLocation="http://www.loc.gov/MARC21/slim http://www.loc.gov/standards/marcxml/schema/MARC21slim.xsd"
    xmlns="http://www.loc.gov/MARC21/slim">

  <leader>00841nam a2200229 a 4500</leader>
  <controlfield tag="001">000030803</controlfield>
  <controlfield tag="005">20200120222204.0</controlfield>
  <controlfield tag="008">070926s2000    ck 0   gr0        c spa d</controlfield>
  <datafield tag="090" ind1=" " ind2=" ">
    <subfield code="a">AC</subfield>
    <subfield code="b">CAS</subfield>
  </datafield>
  <datafield tag="100" ind1="0" ind2=" ">
    <subfield code="a">Castillo, Eduardo</subfield>
  </datafield>
  <datafield tag="245" ind1="1" ind2="0">
    <subfield code="a">Cuentos in&#xE9;ditos /</subfield>
    <subfield code="c">Eduardo Castillo ; pr&#xF3;l, Henrique Duque Mu&#xF1;oz.</subfield>
  </datafield>
  <datafield tag="250" ind1=" " ind2=" ">
    <subfield code="a">1a. ed.</subfield>
  </datafield>
  <datafield tag="260" ind1=" " ind2=" ">
    <subfield code="a">Santaf&#xE9; de Bogot&#xE1; :</subfield>
    <subfield code="b">Instituto Caro y Cuervo,</subfield>
    <subfield code="c">2000.</subfield>
  </datafield>
  <datafield tag="300" ind1=" " ind2=" ">
    <subfield code="a">265 p.</subfield>
  </datafield>
  <datafield tag="490" ind1=" " ind2=" ">
    <subfield code="a">La granada entreabierta</subfield>
    <subfield code="v">90</subfield>
  </datafield>
  <datafield tag="500" ind1=" " ind2=" ">
    <subfield code="a">Ej.1 Calle 63, Donado en2005</subfield>
  </datafield>
  <datafield tag="500" ind1=" " ind2=" ">
    <subfield code="a">Ej 1. En Biblioparque De Funza : Colecci&#xF3;n Proveniente De La Antigua Biblioteca Municipal, Centro Cultural Bacat&#xE1;, Funza (Cundinamarca).</subfield>
  </datafield>
  <datafield tag="500" ind1=" " ind2=" ">
    <subfield code="a">Donaci&#xF3;n : Instituto Caro y Cuervo</subfield>
  </datafield>
  <datafield tag="650" ind1="1" ind2="4">
    <subfield code="a">Cuento colombiano</subfield>
  </datafield>
  <datafield tag="650" ind1="2" ind2="4">
    <subfield code="a">Literatura Colombiana</subfield>
  </datafield>
  <datafield tag="700" ind1="1" ind2=" ">
    <subfield code="a">Luque Mu&#xF1;oz, Henry, pr&#xF3;l.</subfield>
    <subfield code="e">prologo.</subfield>
  </datafield>
  <datafield tag="999" ind1=" " ind2=" ">
    <subfield code="c">1820</subfield>
    <subfield code="d">1820</subfield>
  </datafield>
  <datafield tag="952" ind1=" " ind2=" ">
    <subfield code="0">0</subfield>
    <subfield code="1">0</subfield>
    <subfield code="2">ddc</subfield>
    <subfield code="4">0</subfield>
    <subfield code="7">0</subfield>
    <subfield code="8">LA</subfield>
    <subfield code="a">BPMOS</subfield>
    <subfield code="b">BPMOS</subfield>
    <subfield code="d">2020-01-20</subfield>
    <subfield code="i">101248</subfield>
    <subfield code="l">0</subfield>
    <subfield code="o">AC CAS</subfield>
    <subfield code="p">MOS015248</subfield>
    <subfield code="r">2021-01-05</subfield>
    <subfield code="t">ej.1</subfield>
    <subfield code="w">2020-01-20</subfield>
    <subfield code="y">BKLIT</subfield>
    <subfield code="z">Quince d&#xED;as</subfield>
  </datafield>
</record>
